00904nam a2200193 a 45000010005000000030009000050080041000140400028000550820013000831000034000962450033001302600041001633000010002045050288002146500031005029420012005339990017005459520148005621018CO-ViMGA141112s2004 ck r 000 u spa d aCO-ViMGAbspacCO-ViMGA04a657 M4551 aMillan Puentes, Regulo94903910aLa contabilidad como ciencia aBogotá : bFelix Rodriguez, c1992 a231 p aCritica a la escuela anglosajona por haber creado una doctrina contable sobre bases empiricas, carentes de todo fundamento cientifico 23 - - La contablilidad como ciencia 84 - - Para poder dirigir y administrar cualquier empresa se requiere que exista una contabilidad adecuada 237 14aCONTABILIDAD - LEGISLACION 2ddccBK c13242d13242 01102ddc44708002aMEVIECARbMEVIECARd2015-12-04hVolumen. 1 | 11/jun/2009l0o657 M455 p02956r2015-12-04 00:00:00tEj. 1w2015-12-04yBK